00831 2200301 4500001002100000005001500021035002000036007000300056040001700059100003300076245007600109300003600185020001800221041000800239082001100247084001700258090001900275264004600294336002100340337003000361338002300391650001400414850001000428008004100438504002500479250000900504990001600513INLIS00000000000643420260413082848 a0010-0422000039ta aSBPUPADbind0 aRachmat Effendi pePengarang1 aTo Be An Effective English Teacher Within Two Days /cRachmat Effendi p avii, 91 hal. :billus. ;c28 cm a979-98397-1-80 aind a371.71 a371.71 RAC t a371 RIA s 14-5 a.--Jakarta :bYayasan Bina Edukasi,c2005 2rdacontentaTeks 2rdamediaaTanpa Perantara 2rdacarrieravolume 4aPelajaran aPUPAD260413 0  aBibliografi ,Hlm 91 a.-Ed a4807/B/2008